00253nam a2200121Ia 45000030006000000080041000060400015000471000011000622450020000732600009000935460012001020050017001140STCL150530s9999 xx 000 0 und d aSTCLcSTCL aButler aSelected essays c1927 aEnglish20220125171143.0